[Event "Seebach op 15th"]
[Site "Grossenseebach"]
[Date "2004.06.17"]
[Round "3"]
[White "Rebhann, Leo"]
[Black "Quaschner, Tobias"]
[Result "1/2-1/2"]
[WhiteElo "1557"]
[BlackElo "1354"]
[PlyCount "70"]
[EventDate "2004.06.17"]
[EventType "swiss"]
[EventRounds "7"]
[EventCountry "GER"]
[SourceTitle "EXT 2018"]
[Source "ChessBase"]
[SourceDate "2017.10.13"]
[SourceVersion "1"]
[SourceVersionDate "2017.10.13"]
[SourceQuality "1"]

1. d4 g6 2. Nf3 Bg7 3. g3 d6 4. Bg2 Nd7 5. Nbd2 e5 6. dxe5 dxe5 7. c3 Ne7 8. 0-0 0-0 9. Ne4 h6 10. Ned2 Nb6 11. Qc2 Nc6 12. e4 Be6 13. b3 Qc8 14. Ba3 Re8 15. Bc5 Bh3 16. Rad1 Bxg2 17. Kxg2 Qe6 18. a4 a6 19. h3 Rad8 20. Bxb6 cxb6 21. Nc4 Na5 22. Nxa5 bxa5 23. c4 Qc6 24. Qe2 Qb6 25. Qc2 Qc6 26. Rfe1 b5 27. axb5 axb5 28. Rc1 bxc4 29. Qxc4 Qxc4 30. bxc4 Rc8 31. Red1 Red8 32. Rxd8+ Rxd8 33. c5 Rc8 34. c6 Rc7 35. Rc2 Kf8 1/2-1/2

[Event "Seebach op 15th"]
[Site "Grossenseebach"]
[Date "2004.06.17"]
[Round "2"]
[White "Steinmueller, Stefanie"]
[Black "Rebhann, Leo"]
[Result "1-0"]
[WhiteElo "1774"]
[BlackElo "1557"]
[PlyCount "41"]
[EventDate "2004.06.17"]
[EventType "swiss"]
[EventRounds "7"]
[EventCountry "GER"]
[SourceTitle "EXT 2018"]
[Source "ChessBase"]
[SourceDate "2017.10.13"]
[SourceVersion "1"]
[SourceVersionDate "2017.10.13"]
[SourceQuality "1"]

1. e4 c6 2. d4 d5 3. Nc3 dxe4 4. Nxe4 Nd7 5. Nf3 Ngf6 6. Bd3 e6 7. Bf4 Nxe4 8. Bxe4 Nf6 9. Bd3 Be7 10. Qe2 0-0 11. 0-0 b6 12. Rad1 Bb7 13. c3 Re8 14. Ne5 Bf8 15. Rfe1 g6 16. Qf3 Rc8 17. Bg5 Bg7 18. Ng4 Qd5 19. Nxf6+ Bxf6 20. Qxf6 c5 21. Be4 1-0

[Event "Seebach op 14th"]
[Site "Grossenseebach"]
[Date "2003.06.21"]
[Round "5"]
[White "Rebhann, Leo"]
[Black "Spies, Timon"]
[Result "0-1"]
[WhiteElo "1501"]
[BlackElo "1743"]
[PlyCount "162"]
[EventDate "2003.06.19"]
[EventType "swiss"]
[EventRounds "7"]
[EventCountry "GER"]
[SourceTitle "EXT 2018"]
[Source "ChessBase"]
[SourceDate "2017.10.13"]
[SourceVersion "1"]
[SourceVersionDate "2017.10.13"]
[SourceQuality "1"]

1. d4 Nf6 2. Nf3 d6 3. c4 Nbd7 4. Nc3 g6 5. e4 Bg7 6. h3 0-0 7. Be3 e5 8. Be2 exd4 9. Bxd4 Re8 10. Qc2 b6 11. 0-0 Bb7 12. Bd3 Ne5 13. Nxe5 dxe5 14. Be3 c6 15. Rad1 Qc7 16. Be2 Rad8 17. a4 Re7 18. Rxd8+ Qxd8 19. Rd1 Rd7 20. Rxd7 Qxd7 21. Qd2 Bf8 22. Qxd7 Nxd7 23. f3 Bc5 24. Bxc5 Nxc5 25. b4 Ne6 26. Kf2 Nd4 27. Bd3 Kf8 28. Ke3 g5 29. Ne2 c5 30. b5 Ke7 31. Nc3 h6 32. Nd5+ Bxd5 33. exd5 f5 34. g3 Kf6 35. Bb1 Nb3 36. Bd3 Na5 37. Bf1 Nb7 38. Be2 Nd6 39. Kd3 e4+ 40. Ke3 exf3 41. Kxf3 Ke5 42. Ke3 Ne4 43. Kf3 Nc3 44. Bf1 Nxa4 45. Ke3 Nc3 46. Bd3 Na2 47. Bb1 Nb4 48. Kf3 a6 49. bxa6 Nxa6 50. d6 Nb8 51. Ke3 Ke6 52. Bd3 Nc6 53. h4 Nd4 54. Bf1 Kxd6 55. Bd3 Ke5 56. hxg5 hxg5 57. Bf1 Nc6 58. Bg2 Na5 59. Bf1 f4+ 60. gxf4+ gxf4+ 61. Kd3 f3 62. Ke3 f2 63. Be2 Nb7 64. Bd3 Nd6 65. Be2 Ne4 66. Bd3 Ng3 67. Kxf2 Kd4 68. Bg6 Ne4+ 69. Ke1 Nd6 70. Kd1 Kxc4 71. Kc1 Kc3 72. Bh7 c4 73. Bg6 b5 74. Bh7 b4 75. Bg6 b3 76. Kb1 Nb5 77. Ka1 Na3 78. Bh7 b2+ 79. Ka2 b1Q+ 80. Bxb1 Nxb1 81. Kxb1 Kd2 0-1